000 004890000a22001690004500
090 _aAR
_b00372
245 1 0 _aDo manatees have a chance?
650 1 4 _aMamíferos acuáticos
_993274
650 1 4 _aEspecies en extinción
_94653
650 1 4 _aDisturbios antrópicos
_993298
651 4 _dFlorida
_pEstados Unidos
_992749
653 _gTrichechus
_eTrichechus manatus
_vManati
041 0 _aInglés
100 1 _aBonde, Robert K.
_993283
942 _cARTICULO
773 1 _tPreprint
_33
_q3-5
_d1985?
999 _c9470
_d9470